[Event "New England op 63rd"]
[Site "Windsor Locks"]
[Date "2003.09.01"]
[Round "6"]
[White "Sansing, Richard"]
[Black "Curdo, John"]
[Result "1/2-1/2"]
[WhiteElo "2003"]
[BlackElo "2211"]
[PlyCount "52"]
[EventDate "2003.??.??"]
[EventType "swiss"]
[EventRounds "6"]
[EventCountry "USA"]
[SourceTitle "EXT 2005"]
[Source "ChessBase"]
[SourceDate "2004.11.15"]
[SourceVersion "1"]
[SourceVersionDate "2004.11.15"]
[SourceQuality "1"]

1. d4 f5 2. g4 e6 3. gxf5 exf5 4. e4 d6 5. Nc3 Nf6 6. Bg5 Be7 7. exf5 Bxf5 8. Qf3 Qc8 9. 0-0-0 Nc6 10. Bh3 Bxh3 11. Nxh3 0-0 12. Rhg1 Qd7 13. Bh6 Ne8 14. Qg2 Bf6 15. Nf4 Kh8 16. Bg5 Qf5 17. Ncd5 Nxd4 18. Rxd4 Bxd4 19. Ne7 Qd7 20. Nfg6+ hxg6 21. Nxg6+ Kg8 22. Qd5+ Rf7 23. Ne7+ Kf8 24. Ng6+ Kg8 25. Ne7+ Kf8 26. Ng6+ Kg8 1/2-1/2

[Event "Massachusets op 71st"]
[Site "Marlboro"]
[Date "2002.05.26"]
[Round "4"]
[White "Sansing, Richard"]
[Black "Friedel, Joshua E"]
[Result "1/2-1/2"]
[WhiteElo "2011"]
[BlackElo "2290"]
[PlyCount "53"]
[EventDate "2002.05.??"]
[EventType "swiss"]
[EventRounds "6"]
[EventCountry "USA"]
[SourceTitle "EXT 2005"]
[Source "ChessBase"]
[SourceDate "2004.11.15"]
[SourceVersion "1"]
[SourceVersionDate "2004.11.15"]
[SourceQuality "1"]

1. d4 Nf6 2. c4 c5 3. d5 b5 4. cxb5 a6 5. Nc3 g6 6. e4 d6 7. f4 Bg7 8. Nf3 0-0 9. a4 Bb7 10. Be2 e6 11. 0-0 exd5 12. exd5 axb5 13. Bxb5 Na6 14. f5 Nb4 15. Bg5 Qc8 16. fxg6 fxg6 17. Qd2 Kh8 18. Bc4 Qg4 19. Qf4 Qd7 20. Qh4 Nfxd5 21. Bh6 Bxh6 22. Qxh6 Nxc3 23. Ne5 Ne2+ 24. Bxe2 Rxf1+ 25. Rxf1 Qg7 26. Nxg6+ Qxg6 27. Rf8+ 1/2-1/2

[Event "Massachusets op 71st"]
[Site "Marlboro"]
[Date "2002.05.24"]
[Round "1"]
[White "Terrie, Henry L"]
[Black "Sansing, Richard"]
[Result "0-1"]
[WhiteElo "2200"]
[BlackElo "2011"]
[PlyCount "66"]
[EventDate "2002.05.??"]
[EventType "swiss"]
[EventRounds "6"]
[EventCountry "USA"]
[SourceTitle "EXT 2005"]
[Source "ChessBase"]
[SourceDate "2004.11.15"]
[SourceVersion "1"]
[SourceVersionDate "2004.11.15"]
[SourceQuality "1"]

1. c4 e6 2. d4 d5 3. Nf3 c5 4. cxd5 exd5 5. Nc3 Nc6 6. g3 Nf6 7. Bg2 Be7 8. 0-0 0-0 9. Bg5 cxd4 10. Nxd4 h6 11. Bf4 Bg4 12. Rc1 Qb6 13. Nxc6 bxc6 14. h3 Bh5 15. Na4 Qb5 16. g4 Bg6 17. Be3 Ne4 18. Bxe4 dxe4 19. b3 Rad8 20. Qc2 Qe5 21. Qc3 Qb5 22. Rc2 Bd6 23. Nc5 Rfe8 24. a4 Qb8 25. b4 Be5 26. Qc4 Rd5 27. Na6 Qd8 28. Qxc6 Rd6 29. Qb5 Rd1 30. Rc5 Bh2+ 31. Kg2 Rxf1 32. Kxf1 Qd1+ 33. Kg2 Qg1# 0-1

[Event "New Hampshire op 51st"]
[Site "Salem"]
[Date "2001.07.29"]
[Round "3"]
[White "Terrie, Henry L"]
[Black "Sansing, Richard"]
[Result "1/2-1/2"]
[WhiteElo "2203"]
[BlackElo "2023"]
[PlyCount "50"]
[EventDate "2001.07.??"]
[EventType "swiss"]
[EventRounds "4"]
[EventCountry "USA"]
[SourceTitle "EXT 2005"]
[Source "ChessBase"]
[SourceDate "2004.11.15"]
[SourceVersion "1"]
[SourceVersionDate "2004.11.15"]
[SourceQuality "1"]

1. c4 e6 2. Nf3 d5 3. g3 Nf6 4. Bg2 Be7 5. 0-0 0-0 6. b3 c5 7. Bb2 Nc6 8. e3 Re8 9. Qe2 Bf8 10. d3 e5 11. cxd5 Nxd5 12. Rd1 Bg4 13. h3 Bh5 14. Nc3 Nc7 15. Rac1 Nd4 16. exd4 exd4 17. Ne4 f5 18. g4 fxe4 19. gxh5 exf3 20. Qxf3 Bd6 21. Rc2 Qg5 22. Qg4 Qe5 23. Bc1 Nd5 24. Bxd5+ Qxd5 25. Re2 Rxe2 1/2-1/2

[Event "New Hampshire op 50th"]
[Site "New Hampshire"]
[Date "2000.??.??"]
[Round "3"]
[White "La Rocca, Mark"]
[Black "Sansing, Richard"]
[Result "1-0"]
[WhiteElo "2120"]
[BlackElo "2030"]
[PlyCount "125"]
[EventDate "2000.??.??"]
[EventType "swiss"]
[EventRounds "4"]
[EventCountry "USA"]
[SourceTitle "EXT 2003"]
[Source "ChessBase"]
[SourceDate "2002.11.25"]
[SourceVersion "1"]
[SourceVersionDate "2002.11.25"]
[SourceQuality "1"]

1. Nf3 d5 2. g3 c5 3. Bg2 Nc6 4. d4 Nf6 5. 0-0 e6 6. c4 Be7 7. dxc5 Bxc5 8. cxd5 exd5 9. Bg5 0-0 10. Nc3 d4 11. Bxf6 Qxf6 12. Ne4 Qe7 13. Nxc5 Qxc5 14. Nd2 Re8 15. Nb3 Qe5 16. Rc1 Qxe2 17. Nxd4 Qxd1 18. Rfxd1 Bg4 19. Bxc6 bxc6 20. f3 Be6 21. b3 Bd5 22. Kf2 Rac8 23. Nf5 Rcd8 24. Ne3 Be6 25. Rxc6 Rc8 26. Rxc8 Rxc8 27. f4 g6 28. g4 Rc7 29. f5 gxf5 30. gxf5 Bc8 31. Rd4 Kg7 32. Kg3 Bb7 33. Kf4 Rc3 34. Rd7 Bc8 35. Rd6 Rc1 36. Ke5 Re1 37. Kf4 Ra1 38. f6+ Kg6 39. Rc6 Be6 40. Rc2 Kxf6 41. Rf2 Rc1 42. Ke4+ Ke7 43. Nd5+ Bxd5+ 44. Kxd5 f6 45. b4 Kf7 46. a4 Ra1 47. a5 a6 48. Kc5 Re1 49. b5 Re5+ 50. Kb6 axb5 51. a6 b4 52. a7 Re8 53. Rb2 f5 54. Rxb4 Kf6 55. Kb7 Ke5 56. a8Q Rxa8 57. Kxa8 f4 58. Rb5+ Ke4 59. Rh5 f3 60. Rxh7 Kf4 61. Rf7+ Kg4 62. h4 Kxh4 63. Rxf3 1-0